<?xml version="1.0" encoding="UTF-8"?>
<record
    xmlns:xsi="http://www.w3.org/2001/XMLSchema-instance"
    xsi:schemaLocation="http://www.loc.gov/MARC21/slim http://www.loc.gov/standards/marcxml/schema/MARC21slim.xsd"
    xmlns="http://www.loc.gov/MARC21/slim">

  <leader>02552nam a22003857a 4500</leader>
  <controlfield tag="008">081203t        xxu||||| |||| 00| 0 eng d</controlfield>
  <datafield tag="010" ind1=" " ind2=" ">
    <subfield code="a">ENG-91966</subfield>
  </datafield>
  <datafield tag="020" ind1=" " ind2=" ">
    <subfield code="a">9788189901288</subfield>
    <subfield code="c">1190.00</subfield>
  </datafield>
  <datafield tag="035" ind1=" " ind2=" ">
    <subfield code="a">EN-75499</subfield>
  </datafield>
  <datafield tag="035" ind1=" " ind2=" ">
    <subfield code="a">B-359982-987</subfield>
  </datafield>
  <datafield tag="037" ind1=" " ind2=" ">
    <subfield code="b">DBAD / PUB</subfield>
  </datafield>
  <datafield tag="037" ind1=" " ind2=" ">
    <subfield code="b">Academic Excellence Publishers </subfield>
  </datafield>
  <datafield tag="040" ind1=" " ind2=" ">
    <subfield code="a">dpl</subfield>
    <subfield code="b">English </subfield>
  </datafield>
  <datafield tag="082" ind1=" " ind2=" ">
    <subfield code="a">327.5</subfield>
  </datafield>
  <datafield tag="245" ind1=" " ind2=" ">
    <subfield code="a">Emerging Asia in focus:</subfield>
    <subfield code="c">edited by P.L. Dash </subfield>
    <subfield code="b">issues and problems /</subfield>
  </datafield>
  <datafield tag="260" ind1=" " ind2=" ">
    <subfield code="a">Delhi </subfield>
    <subfield code="b">Academic Excellence </subfield>
    <subfield code="c">2008</subfield>
  </datafield>
  <datafield tag="270" ind1=" " ind2=" ">
    <subfield code="a">42 Ekta Apartment, Geeta Colony, </subfield>
    <subfield code="b">Delhi </subfield>
    <subfield code="e">110031</subfield>
  </datafield>
  <datafield tag="300" ind1=" " ind2=" ">
    <subfield code="a">vii, 507p.:</subfield>
    <subfield code="c">22cm (Hb) </subfield>
  </datafield>
  <datafield tag="500" ind1=" " ind2=" ">
    <subfield code="a">Includues index </subfield>
  </datafield>
  <datafield tag="650" ind1=" " ind2=" ">
    <subfield code="a">Civil society</subfield>
    <subfield code="z">Asia.</subfield>
  </datafield>
  <datafield tag="651" ind1=" " ind2=" ">
    <subfield code="a">Asia</subfield>
    <subfield code="x">Economic conditions</subfield>
  </datafield>
  <datafield tag="651" ind1=" " ind2=" ">
    <subfield code="a">Asia</subfield>
    <subfield code="x">Social conditions</subfield>
  </datafield>
  <datafield tag="651" ind1=" " ind2=" ">
    <subfield code="a">India</subfield>
    <subfield code="x">Foreign relations</subfield>
    <subfield code="z">Asia</subfield>
  </datafield>
  <datafield tag="651" ind1=" " ind2=" ">
    <subfield code="a">Asia</subfield>
    <subfield code="x">Foreign relations</subfield>
    <subfield code="z">India</subfield>
  </datafield>
  <datafield tag="700" ind1=" " ind2=" ">
    <subfield code="a">Dash, P.L. </subfield>
  </datafield>
  <datafield tag="942" ind1=" " ind2=" ">
    <subfield code="2">ddc</subfield>
    <subfield code="c">RF</subfield>
    <subfield code="m">EME</subfield>
    <subfield code="h">327.5</subfield>
  </datafield>
  <datafield tag="999" ind1=" " ind2=" ">
    <subfield code="c">19410</subfield>
    <subfield code="d">19410</subfield>
  </datafield>
  <datafield tag="952" ind1=" " ind2=" ">
    <subfield code="0">0</subfield>
    <subfield code="1">0</subfield>
    <subfield code="2">ddc</subfield>
    <subfield code="4">0</subfield>
    <subfield code="7">1</subfield>
    <subfield code="8">NFIC</subfield>
    <subfield code="a">DBAD</subfield>
    <subfield code="b">DBAD</subfield>
    <subfield code="d">2008-12-03</subfield>
    <subfield code="e">DBAD / PUB</subfield>
    <subfield code="g">1190.00</subfield>
    <subfield code="l">0</subfield>
    <subfield code="o">327.5 EME</subfield>
    <subfield code="p">EN-75499</subfield>
    <subfield code="r">2008-12-03 00:00:00</subfield>
    <subfield code="t">1</subfield>
    <subfield code="v">1190.00</subfield>
    <subfield code="w">2008-12-03</subfield>
    <subfield code="y">EN</subfield>
  </datafield>
  <datafield tag="952" ind1=" " ind2=" ">
    <subfield code="0">0</subfield>
    <subfield code="1">0</subfield>
    <subfield code="2">ddc</subfield>
    <subfield code="4">0</subfield>
    <subfield code="7">0</subfield>
    <subfield code="8">NFIC</subfield>
    <subfield code="a">L</subfield>
    <subfield code="b">L</subfield>
    <subfield code="d">2010-02-04</subfield>
    <subfield code="e">Academic Excellence/AE/313/23.10.09/327/16.1.09/23.10.09</subfield>
    <subfield code="g">1190.00</subfield>
    <subfield code="l">0</subfield>
    <subfield code="o">327.5 EME</subfield>
    <subfield code="p">B-359982</subfield>
    <subfield code="r">2010-02-04 00:00:00</subfield>
    <subfield code="t">1</subfield>
    <subfield code="v">1190.00</subfield>
    <subfield code="w">2010-02-04</subfield>
    <subfield code="y">RF</subfield>
  </datafield>
  <datafield tag="952" ind1=" " ind2=" ">
    <subfield code="0">0</subfield>
    <subfield code="1">0</subfield>
    <subfield code="2">ddc</subfield>
    <subfield code="4">0</subfield>
    <subfield code="7">0</subfield>
    <subfield code="8">NFIC</subfield>
    <subfield code="a">BL1</subfield>
    <subfield code="b">BL1</subfield>
    <subfield code="d">2010-02-04</subfield>
    <subfield code="e">Academic Excellence/AE/313/23.10.09/327/16.1.09/23.10.09</subfield>
    <subfield code="g">1190.00</subfield>
    <subfield code="l">0</subfield>
    <subfield code="o">327.5 EME</subfield>
    <subfield code="p">B-359983</subfield>
    <subfield code="r">2010-02-04 00:00:00</subfield>
    <subfield code="t">1</subfield>
    <subfield code="v">1190.00</subfield>
    <subfield code="w">2010-02-04</subfield>
    <subfield code="y">RF</subfield>
  </datafield>
  <datafield tag="952" ind1=" " ind2=" ">
    <subfield code="0">0</subfield>
    <subfield code="1">0</subfield>
    <subfield code="2">ddc</subfield>
    <subfield code="4">0</subfield>
    <subfield code="7">0</subfield>
    <subfield code="8">NFIC</subfield>
    <subfield code="a">JP</subfield>
    <subfield code="b">JP</subfield>
    <subfield code="d">2010-02-04</subfield>
    <subfield code="e">Academic Excellence/AE/313/23.10.09/327/16.1.09/23.10.09</subfield>
    <subfield code="g">1190.00</subfield>
    <subfield code="l">0</subfield>
    <subfield code="o">327.5 EME</subfield>
    <subfield code="p">B-359984</subfield>
    <subfield code="r">2010-02-04 00:00:00</subfield>
    <subfield code="t">1</subfield>
    <subfield code="v">1190.00</subfield>
    <subfield code="y">RF</subfield>
  </datafield>
  <datafield tag="952" ind1=" " ind2=" ">
    <subfield code="0">0</subfield>
    <subfield code="1">0</subfield>
    <subfield code="2">ddc</subfield>
    <subfield code="4">0</subfield>
    <subfield code="7">0</subfield>
    <subfield code="8">NFIC</subfield>
    <subfield code="a">VP</subfield>
    <subfield code="b">VP</subfield>
    <subfield code="d">2010-02-04</subfield>
    <subfield code="e">Academic Excellence/AE/313/23.10.09/327/16.1.09/23.10.09</subfield>
    <subfield code="g">1190.00</subfield>
    <subfield code="l">0</subfield>
    <subfield code="o">327.5 EME</subfield>
    <subfield code="p">B-359985</subfield>
    <subfield code="r">2010-02-04 00:00:00</subfield>
    <subfield code="t">1</subfield>
    <subfield code="v">1190.00</subfield>
    <subfield code="w">2010-02-04</subfield>
    <subfield code="y">RF</subfield>
  </datafield>
  <datafield tag="952" ind1=" " ind2=" ">
    <subfield code="0">0</subfield>
    <subfield code="1">0</subfield>
    <subfield code="2">ddc</subfield>
    <subfield code="4">0</subfield>
    <subfield code="7">0</subfield>
    <subfield code="8">NFIC</subfield>
    <subfield code="a">BL3</subfield>
    <subfield code="b">BL3</subfield>
    <subfield code="d">2010-02-04</subfield>
    <subfield code="e">Academic Excellence/AE/313/23.10.09/327/16.1.09/23.10.09</subfield>
    <subfield code="g">1190.00</subfield>
    <subfield code="l">0</subfield>
    <subfield code="o">327.5 EME</subfield>
    <subfield code="p">B-359986</subfield>
    <subfield code="r">2010-02-04 00:00:00</subfield>
    <subfield code="t">1</subfield>
    <subfield code="v">1190.00</subfield>
    <subfield code="w">2010-02-04</subfield>
    <subfield code="y">RF</subfield>
  </datafield>
  <datafield tag="952" ind1=" " ind2=" ">
    <subfield code="0">0</subfield>
    <subfield code="1">0</subfield>
    <subfield code="2">ddc</subfield>
    <subfield code="4">0</subfield>
    <subfield code="7">0</subfield>
    <subfield code="8">NFIC</subfield>
    <subfield code="a">BL4</subfield>
    <subfield code="b">BL4</subfield>
    <subfield code="d">2010-02-04</subfield>
    <subfield code="e">Academic Excellence/AE/313/23.10.09/327/16.1.09/23.10.09</subfield>
    <subfield code="g">1190.00</subfield>
    <subfield code="l">0</subfield>
    <subfield code="o">327.5 EME</subfield>
    <subfield code="p">B-359987</subfield>
    <subfield code="r">2010-02-04 00:00:00</subfield>
    <subfield code="t">1</subfield>
    <subfield code="v">1190.00</subfield>
    <subfield code="w">2010-02-04</subfield>
    <subfield code="y">RF</subfield>
  </datafield>
</record>
